[Event "Titled Tuesday intern op 25th Feb Early"]
[Site "Chess.com INT"]
[Date "2025.02.25"]
[Round "7"]
[White "Zhu, Jiner"]
[Black "Pribelszky, Bence Daniel"]
[Result "1-0"]
[WhiteElo "2514"]
[BlackElo "2399"]
[PlyCount "113"]
[EventDate "2025.02.25"]
[EventType "swiss (blitz)"]
[EventRounds "11"]
[EventCountry "USA"]
[SourceTitle "CB10_2025"]
[SourceDate "2025.03.05"]
[SourceVersion "1"]
[SourceVersionDate "2025.03.05"]
[SourceQuality "1"]

1. Nf3 d5 2. g3 Nf6 3. Bg2 g6 4. b3 Bg7 5. Bb2 0-0 6. 0-0 c5 7. e3 Nc6 8. d3 Qc7 9. Nbd2 e5 10. c4 d4 11. exd4 exd4 12. a3 Bg4 13. h3 Bxf3 14. Nxf3 Nd7 15. Bc1 Rfe8 16. Bf4 Nde5 17. Qc2 Nxf3+ 18. Bxf3 Be5 19. Bh6 Bg7 20. Bd2 Qd7 21. Kh2 Ne5 22. Bg2 Qf5 23. Be4 Qd7 24. f4 Nc6 25. Rae1 f5 26. Bd5+ Kf8 27. b4 b6 28. b5 Ne7 29. Bxa8 Rxa8 30. a4 a5 31. bxa6 Rxa6 32. Rb1 Nc8 33. a5 bxa5 34. Rb8 a4 35. Ra1 Re6 36. Qxa4 Re2+ 37. Kg1 Ke7 38. Qxd7+ Kxd7 39. Rb7+ Kc6 40. Rxg7 Rxd2 41. Ra6+ Nb6 42. Rxh7 Rxd3 43. Kf2 Rc3 44. Rg7 Rxc4 45. Rxg6+ Kd5 46. Raxb6 Rc2+ 47. Kf3 Rc3+ 48. Ke2 Rc2+ 49. Kd1 Rh2 50. h4 Kc4 51. Rgc6 d3 52. Rb8 Kd4 53. Rd8+ Ke3 54. Re6+ Kf3 55. Rxd3+ Kg4 56. Rg6+ Kh5 57. Rg5+ 1-0

[Event "Titled Tuesday intern op 25th Feb Early"]
[Site "Chess.com INT"]
[Date "2025.02.25"]
[Round "5"]
[White "Zhu, Jiner"]
[Black "Tang, Andrew"]
[Result "0-1"]
[WhiteElo "2514"]
[BlackElo "2529"]
[PlyCount "88"]
[EventDate "2025.02.25"]
[EventType "swiss (blitz)"]
[EventRounds "11"]
[EventCountry "USA"]
[SourceTitle "CB10_2025"]
[SourceDate "2025.03.05"]
[SourceVersion "1"]
[SourceVersionDate "2025.03.05"]
[SourceQuality "1"]

1. e4 e5 2. Nf3 Nc6 3. Bc4 Nf6 4. d3 h6 5. c3 d6 6. Bb3 g6 7. 0-0 Bg7 8. Nbd2 0-0 9. Re1 Na5 10. Bc2 c5 11. d4 cxd4 12. cxd4 exd4 13. h3 Re8 14. Nxd4 Bd7 15. N2f3 Rc8 16. Bf4 Qb6 17. Rb1 Nc4 18. Bd3 Ne5 19. Nb3 Nxd3 20. Qxd3 d5 21. e5 Bf5 22. Qd2 Bxb1 23. exf6 Rxe1+ 24. Qxe1 Qxf6 25. Be5 Qf5 26. Nbd4 Qe4 27. Bxg7 Qxe1+ 28. Nxe1 Kxg7 29. Kf1 Bxa2 30. Ke2 a5 31. Kd2 Bc4 32. Nec2 Kf6 33. f4 Ke7 34. g3 Kd6 35. Ne3 Ba6 36. Ng4 h5 37. Ne5 Ke7 38. Ndf3 b5 39. Ng5 b4 40. Ngxf7 a4 41. Ng5 a3 42. bxa3 bxa3 43. Nxg6+ Kf6 44. Ne5 a2 0-1

[Event "Chessable Masters Play In"]
[Site "Chess.com INT"]
[Date "2025.02.17"]
[Round "3"]
[White "Rustemov, Alexander"]
[Black "Zhu, Jiner"]
[Result "1-0"]
[WhiteElo "2525"]
[BlackElo "2514"]
[PlyCount "37"]
[EventDate "2025.02.17"]
[EventType "swiss (blitz)"]
[EventRounds "9"]
[EventCountry "USA"]
[SourceTitle "CB08_2025"]
[SourceDate "2025.02.19"]
[SourceVersion "1"]
[SourceVersionDate "2025.02.19"]
[SourceQuality "1"]

1. d4 Nf6 2. c4 e6 3. Nf3 d5 4. cxd5 exd5 5. Nc3 Bb4 6. Bf4 Ne4 7. Rc1 g5 8. Bd2 Bxc3 9. Bxc3 Nc6 10. e3 Bf5 11. Bb5 Bd7 12. Qb3 a6 13. Bd3 g4 14. Bxe4 dxe4 15. Nd2 0-0 16. d5 Ne7 17. Nxe4 Bf5 18. Nf6+ Kg7 19. e4 1-0

[Event "Chessable Masters Play In"]
[Site "Chess.com INT"]
[Date "2025.02.17"]
[Round "6"]
[White "Shimanov, Aleksandr"]
[Black "Zhu, Jiner"]
[Result "1/2-1/2"]
[WhiteElo "2593"]
[BlackElo "2514"]
[PlyCount "221"]
[EventDate "2025.02.17"]
[EventType "swiss (blitz)"]
[EventRounds "9"]
[EventCountry "USA"]
[SourceTitle "CB08_2025"]
[SourceDate "2025.02.19"]
[SourceVersion "1"]
[SourceVersionDate "2025.02.19"]
[SourceQuality "1"]

1. e4 c5 2. d4 cxd4 3. Qxd4 Nc6 4. Qd3 d6 5. Nc3 Nf6 6. Nf3 g6 7. Be2 Bg7 8. 0-0 Bg4 9. Nd5 Nd7 10. c3 Nc5 11. Qc2 0-0 12. Bg5 h6 13. Bh4 g5 14. Bg3 f5 15. exf5 Bxf5 16. Qd1 Kh8 17. h4 Ne4 18. hxg5 hxg5 19. Bd3 e6 20. Bxe4 Bxe4 21. Ne3 Bxf3 22. gxf3 d5 23. Kg2 d4 24. cxd4 Nxd4 25. Rh1+ Kg8 26. Qd3 Rxf3 27. Qh7+ Kf8 28. Qe4 Qb6 29. Rad1 Rf7 30. Rc1 Ne2 31. Rc2 Nxg3 32. fxg3 Qd4 33. Qxe6 Re8 34. Rc8 Qd2+ 35. Kh3 Qd7 36. Qxd7 Rxd7 37. Rf1+ Rf7 38. Rxe8+ Kxe8 39. Nf5 Kf8 40. b3 Bc3 41. Kg4 Bd2 42. Rd1 Rd7 43. Kf3 Rd5 44. Ke4 Rd7 45. Nd4 Bc3 46. Ne6+ Ke7 47. Rxd7+ Kxd7 48. Nxg5 Kd6 49. Nf3 Kc5 50. g4 Kb4 51. g5 Bg7 52. Nd4 Ka3 53. Ne6 Bh8 54. Kd3 Kxa2 55. Kc4 b5+ 56. Kb4 a5+ 57. Kxa5 Kxb3 58. Kxb5 Kc3 59. Kc5 Kd3 60. Kd5 Ke3 61. g6 Kf3 62. Kd6 Kg4 63. Ke7 Kf5 64. Kf7 Ba1 65. Ng7+ Kg5 66. Ne8 Kf5 67. Nc7 Kg5 68. Nd5 Kf5 69. Nb6 Kg5 70. Nc4 Kf5 71. Na5 Kg5 72. Nb3 Bb2 73. Nc5 Kf5 74. Nb7 Ba1 75. Nd8 Kg5 76. Nc6 Kf5 77. Ne7+ Kg5 78. Nc6 Kf5 79. Nb4 Kg5 80. Nc2 Bb2 81. Ne1 Kf5 82. Nd3 Ba1 83. Nc5 Kg5 84. Ne6+ Kf5 85. Ng7+ Kg5 86. Ne8 Kf5 87. Nd6+ Kg5 88. Nc8 Kf5 89. Ne7+ Kg5 90. Kg8 Kf6 91. Kf8 Kg5 92. Kf7 Bb2 93. Ng8 Ba1 94. Ne7 Bb2 95. Nd5 Ba1 96. Ne3 Bb2 97. Nc4 Ba1 98. Nd2 Kf5 99. Nf3 Bb2 100. Ne1 Ba1 101. Nd3 Kg5 102. Nb4 Kf5 103. Nc6 Bb2 104. Na7 Ba1 105. Nb5 Kg5 106. Na3 Kf5 107. Nc4 Bc3 108. Nb6 Ba1 109. Nd7 Kg5 110. Nc5 Kf5 111. Nd3 1/2-1/2

[Event "Chessable Masters Play In"]
[Site "Chess.com INT"]
[Date "2025.02.17"]
[Round "1"]
[White "Ter Sahakyan, Samvel"]
[Black "Zhu, Jiner"]
[Result "1/2-1/2"]
[WhiteElo "2611"]
[BlackElo "2514"]
[PlyCount "83"]
[EventDate "2025.02.17"]
[EventType "swiss (blitz)"]
[EventRounds "9"]
[EventCountry "USA"]
[SourceTitle "CB08_2025"]
[SourceDate "2025.02.19"]
[SourceVersion "1"]
[SourceVersionDate "2025.02.19"]
[SourceQuality "1"]

1. d4 Nf6 2. c4 e6 3. Nf3 d5 4. Nc3 Bb4 5. Bg5 h6 6. Bd2 0-0 7. g4 Bxc3 8. Bxc3 Ne4 9. Qc2 b6 10. h4 Bb7 11. g5 h5 12. Rg1 Nd7 13. Nd2 Nxc3 14. bxc3 g6 15. e3 c5 16. f4 cxd4 17. cxd4 Rc8 18. Qb2 dxc4 19. Bxc4 Qe7 20. Kf2 Rc7 21. Rac1 Rfc8 22. Be2 a6 23. Rxc7 Rxc7 24. Rc1 Qd8 25. a4 Qc8 26. Rxc7 Qxc7 27. Bd3 Qc6 28. Be4 Qc7 29. Qc2 Qxc2 30. Bxc2 b5 31. a5 Nb8 32. e4 Nc6 33. Nb3 Kf8 34. Ke3 Ke7 35. Bd1 Bc8 36. Bf3 Nb4 37. Kd2 Kd8 38. Kc3 Na2+ 39. Kb2 Nb4 40. Kc3 Na2+ 41. Kb2 Nb4 42. Kc3 1/2-1/2

[Event "Chessable Masters Play In"]
[Site "Chess.com INT"]
[Date "2025.02.17"]
[Round "2"]
[White "Zhu, Jiner"]
[Black "Abdusattorov, Nodirbek"]
[Result "1-0"]
[WhiteElo "2514"]
[BlackElo "2766"]
[PlyCount "97"]
[EventDate "2025.02.17"]
[EventType "swiss (blitz)"]
[EventRounds "9"]
[EventCountry "USA"]
[SourceTitle "CB08_2025"]
[SourceDate "2025.02.19"]
[SourceVersion "1"]
[SourceVersionDate "2025.02.19"]
[SourceQuality "1"]

1. e4 c5 2. Nf3 g6 3. c3 d5 4. exd5 Qxd5 5. d4 Bg7 6. Nbd2 cxd4 7. Bc4 Qd8 8. Nxd4 Nf6 9. 0-0 0-0 10. N2f3 Qc7 11. Qe2 a6 12. Re1 Nbd7 13. Bb3 e6 14. Bc2 b6 15. Bg5 Bb7 16. Rad1 Rfe8 17. Ne5 Nxe5 18. Qxe5 Qxe5 19. Rxe5 h6 20. Bc1 Red8 21. Ree1 Rac8 22. a4 Nd5 23. Nf3 g5 24. h3 Bf6 25. Ne5 Kg7 26. Ng4 Be7 27. Ne3 Nf4 28. Nf5+ Kf8 29. Nxe7 Kxe7 30. Rxd8 Rxd8 31. f3 Nd3 32. Bxd3 Rxd3 33. Be3 Bc6 34. Bxb6 Rd2 35. Bc5+ Kf6 36. b3 Rb2 37. b4 Bxa4 38. Bd4+ Kg6 39. Kh2 Rc2 40. Kg3 Bb5 41. Kh2 Bc4 42. h4 gxh4 43. Re4 Bd5 44. Rg4+ Kf5 45. Rxh4 Bxf3 46. Kg3 Be2 47. Rf4+ Kg6 48. Rf6+ Kh5 49. Be3 1-0

[Event "Chessable Masters Play In"]
[Site "Chess.com INT"]
[Date "2025.02.17"]
[Round "8"]
[White "Zhu, Jiner"]
[Black "Donchenko, Alexander"]
[Result "1-0"]
[WhiteElo "2514"]
[BlackElo "2632"]
[PlyCount "41"]
[EventDate "2025.02.17"]
[EventType "swiss (blitz)"]
[EventRounds "9"]
[EventCountry "USA"]
[SourceTitle "CB08_2025"]
[SourceDate "2025.02.19"]
[SourceVersion "1"]
[SourceVersionDate "2025.02.19"]
[SourceQuality "1"]

1. e4 g6 2. d4 Bg7 3. Nc3 d6 4. Be3 a6 5. g4 b5 6. Bg2 Bb7 7. h4 h5 8. gxh5 Rxh5 9. Bf3 Rh8 10. h5 gxh5 11. Rxh5 Rxh5 12. Bxh5 b4 13. Qg4 Kf8 14. Nd5 Nd7 15. 0-0-0 Ngf6 16. Qf3 Bxd5 17. exd5 Nb6 18. Nh3 Nbxd5 19. Ng5 Nxe3 20. fxe3 Qd7 21. Qxa8+ 1-0

[Event "Chessable Masters Play In"]
[Site "Chess.com INT"]
[Date "2025.02.17"]
[Round "5"]
[White "Zhu, Jiner"]
[Black "Nasuta, Grzegorz"]
[Result "1-0"]
[WhiteElo "2514"]
[BlackElo "2506"]
[PlyCount "111"]
[EventDate "2025.02.17"]
[EventType "swiss (blitz)"]
[EventRounds "9"]
[EventCountry "USA"]
[SourceTitle "CB08_2025"]
[SourceDate "2025.02.19"]
[SourceVersion "1"]
[SourceVersionDate "2025.02.19"]
[SourceQuality "1"]

1. e4 e5 2. Nf3 Nc6 3. Bb5 a6 4. Ba4 Nf6 5. 0-0 b5 6. Bb3 Bc5 7. c3 d6 8. d4 Bb6 9. a4 Rb8 10. a5 Ba7 11. h3 Bb7 12. Be3 Nxe4 13. Re1 exd4 14. cxd4 d5 15. Nc3 Ne7 16. Nxe4 dxe4 17. Ng5 Bd5 18. Nxe4 0-0 19. Bc2 Bxe4 20. Bxe4 Nd5 21. Rc1 Nxe3 22. fxe3 c5 23. dxc5 Qxa5 24. c6 Rbc8 25. Qf3 Qb4 26. Re2 Bb6 27. Bf5 Rc7 28. Kh1 Re7 29. Rd1 g6 30. Bd7 Bc7 31. e4 Qc5 32. Qf6 a5 33. g4 Be5 34. Qf3 a4 35. Qd3 b4 36. Rc2 Qb6 37. Kg2 Ra8 38. Qc4 b3 39. Rf2 a3 40. bxa3 b2 41. Qb4 Qxb4 42. axb4 Rb8 43. b5 Kg7 44. Rb1 Bc7 45. Rbxb2 Rxe4 46. Rf3 Re5 47. Rfb3 Rb6 48. Bc8 Rc5 49. Ba6 h5 50. Kf3 hxg4+ 51. hxg4 g5 52. Ke4 Rc4+ 53. Kd5 Rxg4 54. Re2 Rf4 55. Re7 Rf5+ 56. Ke4 1-0

[Event "Chessable Masters Play In"]
[Site "Chess.com INT"]
[Date "2025.02.17"]
[Round "4"]
[White "Zhu, Jiner"]
[Black "Pranav, V."]
[Result "0-1"]
[WhiteElo "2514"]
[BlackElo "2615"]
[PlyCount "68"]
[EventDate "2025.02.17"]
[EventType "swiss (blitz)"]
[EventRounds "9"]
[EventCountry "USA"]
[SourceTitle "CB08_2025"]
[SourceDate "2025.02.19"]
[SourceVersion "1"]
[SourceVersionDate "2025.02.19"]
[SourceQuality "1"]

1. e4 e5 2. Nf3 d6 3. d4 exd4 4. Nxd4 Nf6 5. Nc3 Be7 6. Bc4 0-0 7. 0-0 Re8 8. Re1 c6 9. a4 Nbd7 10. Ba2 Bf8 11. Bf4 Ne5 12. h3 Ng6 13. Bh2 a5 14. Qd2 Qb6 15. Bb3 Bd7 16. Nf3 Be6 17. Bxe6 Rxe6 18. Qd4 Qb4 19. Rad1 h6 20. Qd3 Ree8 21. b3 Rad8 22. Nd4 Ne5 23. Qd2 Ned7 24. Nf5 Nc5 25. Bxd6 Bxd6 26. Nxd6 Rxd6 27. Qxd6 Qxc3 28. e5 Nd5 29. g3 Ne6 30. Qd7 Re7 31. Qc8+ Kh7 32. Re2 Qf3 33. Rde1 Nd4 34. Rd2 Qc3 0-1

[Event "Chessable Masters Play In"]
[Site "Chess.com INT"]
[Date "2025.02.17"]
[Round "9"]
[White "Zhu, Jiner"]
[Black "Svane, Rasmus"]
[Result "0-1"]
[WhiteElo "2514"]
[BlackElo "2621"]
[PlyCount "66"]
[EventDate "2025.02.17"]
[EventType "swiss (blitz)"]
[EventRounds "9"]
[EventCountry "USA"]
[SourceTitle "CB08_2025"]
[SourceDate "2025.02.19"]
[SourceVersion "1"]
[SourceVersionDate "2025.02.19"]
[SourceQuality "1"]

1. e4 g6 2. d4 Bg7 3. Nc3 d6 4. Be3 a6 5. g4 b5 6. Bg2 Bb7 7. h4 h5 8. gxh5 Rxh5 9. Bf3 Rh8 10. h5 gxh5 11. Rxh5 Rxh5 12. Bxh5 Nf6 13. Bf3 e5 14. dxe5 dxe5 15. Qxd8+ Kxd8 16. a4 b4 17. 0-0-0+ Nbd7 18. Nd5 Nxd5 19. exd5 f5 20. Bg5+ Bf6 21. Bxf6+ Nxf6 22. d6 e4 23. Bg2 Ng4 24. Ne2 cxd6 25. Ng3 Nxf2 26. Rxd6+ Kc7 27. Rf6 Rg8 28. Rxf5 Rxg3 29. Rxf2 Kd6 30. Re2 e3 31. Rxe3 Rxg2 32. Rb3 a5 33. c3 Bd5 0-1

[Event "Titled Tuesday intern op 11th Feb Early"]
[Site "Chess.com INT"]
[Date "2025.02.11"]
[Round "8"]
[White "Ahmad, Al Khatib"]
[Black "Zhu, Jiner"]
[Result "1-0"]
[WhiteElo "2279"]
[BlackElo "2514"]
[PlyCount "85"]
[EventDate "2025.02.11"]
[EventType "swiss (blitz)"]
[EventRounds "11"]
[EventCountry "USA"]
[SourceTitle "CB09_2025"]
[SourceDate "2025.02.27"]
[SourceVersion "1"]
[SourceVersionDate "2025.02.27"]
[SourceQuality "1"]

1. d4 Nf6 2. Nc3 d5 3. Bf4 g6 4. Qd2 Bg7 5. Bh6 0-0 6. Bxg7 Kxg7 7. e3 c5 8. h3 Nc6 9. 0-0-0 c4 10. g4 h5 11. Bg2 hxg4 12. hxg4 Bxg4 13. f3 Be6 14. Nge2 Qa5 15. e4 Rh8 16. Nf4 dxe4 17. d5 exf3 18. Bxf3 Ne5 19. dxe6 Nxf3 20. Qg2 Nh4 21. Qf2 Ng4 22. Qg3 Qg5 23. Ne4 Nf5 24. Qf3 Nh4 25. Nxg5 Nxf3 26. Nxf3 f6 27. Rhg1 f5 28. Rd7 Kf6 29. Re1 Rae8 30. Nd5+ Kg7 31. Nxe7 Rh3 32. Nxf5+ Kh8 33. N5d4 Nf6 34. Rf7 Nd5 35. e7 Kg8 36. Ne5 Rxe7 37. Rxe7 Nxe7 38. Nd7 Kf7 39. Ne5+ Kg7 40. Nef3 Nd5 41. Ne6+ Kf6 42. Neg5 Rg3 43. Ne4+ 1-0

[Event "Titled Tuesday intern op 11th Feb Early"]
[Site "Chess.com INT"]
[Date "2025.02.11"]
[Round "6"]
[White "Donchenko, Alexander"]
[Black "Zhu, Jiner"]
[Result "1-0"]
[WhiteElo "2632"]
[BlackElo "2514"]
[PlyCount "147"]
[EventDate "2025.02.11"]
[EventType "swiss (blitz)"]
[EventRounds "11"]
[EventCountry "USA"]
[SourceTitle "CB09_2025"]
[SourceDate "2025.02.27"]
[SourceVersion "1"]
[SourceVersionDate "2025.02.27"]
[SourceQuality "1"]

1. Nf3 Nf6 2. c4 e6 3. Nc3 d5 4. e3 Be7 5. b3 0-0 6. Bb2 b6 7. cxd5 exd5 8. d4 Bb7 9. Bd3 Bd6 10. Nb5 Bb4+ 11. Bc3 Be7 12. Bb2 a6 13. Nc3 Bd6 14. 0-0 Nbd7 15. Ne2 Ne4 16. a4 Qe7 17. a5 b5 18. Ng3 f5 19. Qc1 Rae8 20. Ba3 b4 21. Bb2 g6 22. Qc2 Rf7 23. Rae1 h5 24. Rc1 h4 25. Ne2 g5 26. Ne5 Nxe5 27. dxe5 Bxe5 28. Bxe5 Qxe5 29. Bxe4 fxe4 30. Nd4 Ref8 31. Qc5 Qe7 32. Qxe7 Rxe7 33. Rc5 Rff7 34. Nc2 h3 35. Nxb4 hxg2 36. Rd1 Rd7 37. Nxd5 Kf8 38. Nc3 Rd3 39. Kxg2 Rfd7 40. Re1 Rf7 41. Re2 g4 42. Rc2 Ke8 43. b4 Kd8 44. Ne2 Bc8 45. Nf4 Rb3 46. R5c4 Bf5 47. Kg3 Rb1 48. Rc1 Rb2 49. Rd4+ Kc8 50. Rc5 Kb7 51. Rdd5 Bc8 52. b5 Rb1 53. Kg2 g3 54. bxa6+ Kxa6 55. fxg3 Rb2+ 56. Kf1 Rb1+ 57. Kf2 Rb2+ 58. Ke1 Rxh2 59. Rh5 Ra2 60. Rh6+ Ka7 61. Rg6 Bf5 62. Rgc6 Kb7 63. a6+ Rxa6 64. Rxa6 Kxa6 65. Nd5 Bg4 66. Rxc7 Rf3 67. Rg7 Rxg3 68. Kd2 Rg2+ 69. Kc3 Bf3 70. Rc7 Kb5 71. Kd4 Rg1 72. Rc5+ Ka6 73. Nb4+ Kb7 74. Nd5 1-0

[Event "Titled Tuesday intern op 11th Feb Early"]
[Site "Chess.com INT"]
[Date "2025.02.11"]
[Round "2"]
[White "Ge, William"]
[Black "Zhu, Jiner"]
[Result "0-1"]
[WhiteElo "2205"]
[BlackElo "2514"]
[PlyCount "144"]
[EventDate "2025.02.11"]
[EventType "swiss (blitz)"]
[EventRounds "11"]
[EventCountry "USA"]
[SourceTitle "CB08_2025"]
[SourceDate "2025.02.19"]
[SourceVersion "1"]
[SourceVersionDate "2025.02.19"]
[SourceQuality "1"]

1. e4 c6 2. d4 d5 3. Nc3 dxe4 4. Nxe4 Nd7 5. Nf3 Ngf6 6. Nxf6+ Nxf6 7. Bd3 Bg4 8. c3 e6 9. h3 Bxf3 10. Qxf3 Be7 11. Bf4 a5 12. a4 Qb6 13. Qe2 0-0 14. 0-0 c5 15. dxc5 Qxc5 16. Be3 Qc7 17. Rfe1 Rfd8 18. Bc2 h6 19. Rad1 Bc5 20. Bxc5 Qxc5 21. Rxd8+ Rxd8 22. Rd1 Rxd1+ 23. Qxd1 Qd5 24. Qe2 b6 25. Kf1 Nd7 26. Qd3 Qxd3+ 27. Bxd3 Nc5 28. Bc2 Kf8 29. b4 Nd7 30. Ke2 Ke7 31. Bb3 Kd6 32. Kd3 Ne5+ 33. Kd4 f6 34. bxa5 bxa5 35. f4 Nf7 36. Kc4 Kc6 37. Kd4 Nd8 38. g4 g5 39. fxg5 hxg5 40. Bc4 Kd6 41. Bb3 Nb7 42. c4 Nc5 43. Bc2 Nd7 44. Be4 Nc5 45. Bc2 Nd7 46. Be4 e5+ 47. Kc3 Kc5 48. Bc2 Nb6 49. Bb3 Nc8 50. Bc2 Nd6 51. Bd3 Nb7 52. Bc2 Nd8 53. Bd3 Ne6 54. Be4 Nf4 55. Kb3 Nxh3 56. Kc3 Nf4 57. Bf5 Ne2+ 58. Kd2 Nd4 59. Bd3 Kb4 60. Ke3 Kxa4 61. Ke4 Kb4 62. Kd5 a4 63. c5 a3 64. Bb1 Kb3 65. c6 Nxc6 66. Kxc6 Kb2 67. Kd5 Kxb1 68. Ke6 a2 69. Kxf6 a1Q 70. Kxg5 e4 71. Kf5 e3 72. g5 e2 0-1

[Event "Titled Tuesday intern op 11th Feb Early"]
[Site "Chess.com INT"]
[Date "2025.02.11"]
[Round "3"]
[White "Nazari, Arad"]
[Black "Zhu, Jiner"]
[Result "0-1"]
[WhiteElo "2425"]
[BlackElo "2514"]
[PlyCount "78"]
[EventDate "2025.02.11"]
[EventType "swiss (blitz)"]
[EventRounds "11"]
[EventCountry "USA"]
[SourceTitle "CB08_2025"]
[SourceDate "2025.02.19"]
[SourceVersion "1"]
[SourceVersionDate "2025.02.19"]
[SourceQuality "1"]

1. c4 e5 2. a3 Nf6 3. d3 c6 4. Nf3 d6 5. g3 g6 6. Bg2 Bg7 7. 0-0 0-0 8. Nc3 Re8 9. Rb1 d5 10. cxd5 cxd5 11. b4 d4 12. Na4 Nd5 13. Bb2 b6 14. Nd2 Bb7 15. Qb3 Qd7 16. Ba1 Rd8 17. Rfe1 Nc6 18. Ne4 Nce7 19. Rbc1 Rac8 20. Nb2 f5 21. Ng5 h6 22. Nf3 Kh7 23. Nc4 Qe6 24. e4 fxe4 25. Nfxe5 b5 26. Bxe4 bxc4 27. dxc4 Bxe5 28. Bxd4 Bxd4 29. Bxd5 Qf6 30. Bxb7 Bxf2+ 31. Kg2 Bxe1 32. Bxc8 Rd2+ 33. Kh3 Qe5 34. Qf3 Rf2 35. Rxe1 Qxe1 36. Qb7 Qf1+ 37. Kh4 Rxh2+ 38. Kg4 Qe2+ 39. Kf4 Rf2+ 0-1

[Event "Titled Tuesday intern op 11th Feb Early"]
[Site "Chess.com INT"]
[Date "2025.02.11"]
[Round "5"]
[White "Zhu, Jiner"]
[Black "Checa, Nicolas D"]
[Result "1-0"]
[WhiteElo "2514"]
[BlackElo "2507"]
[PlyCount "59"]
[EventDate "2025.02.11"]
[EventType "swiss (blitz)"]
[EventRounds "11"]
[EventCountry "USA"]
[SourceTitle "CB08_2025"]
[SourceDate "2025.02.19"]
[SourceVersion "1"]
[SourceVersionDate "2025.02.19"]
[SourceQuality "1"]

1. Nf3 d5 2. d4 Nf6 3. e3 Bf5 4. c4 c6 5. Nc3 a6 6. c5 Nbd7 7. Be2 h6 8. b4 e6 9. Bb2 Be7 10. 0-0 0-0 11. a4 Ne4 12. h3 Re8 13. Nxe4 Bxe4 14. Nd2 Bg6 15. Bc3 Qc7 16. f4 Nf6 17. b5 axb5 18. axb5 Ne4 19. Nxe4 Bxe4 20. b6 Qd7 21. Qb3 f6 22. Ra7 Rxa7 23. bxa7 Ra8 24. Ra1 e5 25. fxe5 fxe5 26. Bg4 Qc7 27. Qb6 Bd8 28. Qxc7 Bxc7 29. Bc8 exd4 30. Bxd4 1-0

[Event "Titled Tuesday intern op 11th Feb Early"]
[Site "Chess.com INT"]
[Date "2025.02.11"]
[Round "1"]
[White "Zhu, Jiner"]
[Black "Cuevas Araya, Walter"]
[Result "1-0"]
[WhiteElo "2514"]
[BlackElo "2032"]
[PlyCount "133"]
[EventDate "2025.02.11"]
[EventType "swiss (blitz)"]
[EventRounds "11"]
[EventCountry "USA"]
[SourceTitle "CB09_2025"]
[SourceDate "2025.02.27"]
[SourceVersion "1"]
[SourceVersionDate "2025.02.27"]
[SourceQuality "1"]

1. d4 Nf6 2. Nf3 e6 3. Bf4 b6 4. e3 Bb7 5. h3 d6 6. Be2 Nbd7 7. 0-0 Be7 8. c4 0-0 9. Nc3 c5 10. dxc5 Nxc5 11. Bh2 Nce4 12. Nxe4 Nxe4 13. Bd3 Rc8 14. Rc1 h6 15. Nd4 Nc5 16. Bb1 a6 17. b4 Nd7 18. a3 Re8 19. Qd3 Nf8 20. Rfd1 Qc7 21. c5 e5 22. cxd6 Qxd6 23. Nf5 Qxd3 24. Bxd3 Bf6 25. Rxc8 Rxc8 26. Nd6 Rc7 27. Nxb7 Rxb7 28. Bxa6 Ra7 29. b5 g5 30. a4 Kg7 31. f3 Nd7 32. Rd6 Nc5 33. Rxb6 Nxa4 34. Rc6 Rd7 35. Bg3 Rd1+ 36. Kh2 Rb1 37. e4 Rb3 38. Bf2 Be7 39. b6 Rb2 40. Bg1 Bb4 41. b7 Bd2 42. Ba7 Bf4+ 43. Kg1 Rb1+ 44. Kf2 Rb2+ 45. Kf1 Rb1+ 46. Ke2 Rb2+ 47. Kd1 Rb1+ 48. Kc2 Rc1+ 49. Kb3 Rxc6 50. b8Q Rxa6 51. Qb7 Ra5 52. Qc7 Ra6 53. Kb4 Bd2+ 54. Kb5 Ra5+ 55. Kc6 Nc5 56. Bxc5 Bc3 57. Kd7 Ra6 58. Ke8 Re6+ 59. Kd7 Bd2 60. Qc8 Rf6 61. Qf8+ Kg6 62. Be7 Rf4 63. Bd6 Bc3 64. Qh8 f6 65. g4 h5 66. Qg8+ Kh6 67. Bf8# 1-0

[Event "Titled Tuesday intern op 11th Feb Early"]
[Site "Chess.com INT"]
[Date "2025.02.11"]
[Round "9"]
[White "Zhu, Jiner"]
[Black "Horak, Martin"]
[Result "1-0"]
[WhiteElo "2514"]
[BlackElo "2354"]
[PlyCount "67"]
[EventDate "2025.02.11"]
[EventType "swiss (blitz)"]
[EventRounds "11"]
[EventCountry "USA"]
[SourceTitle "CB08_2025"]
[SourceDate "2025.02.19"]
[SourceVersion "1"]
[SourceVersionDate "2025.02.19"]
[SourceQuality "1"]

1. Nf3 Nf6 2. c4 e6 3. b3 d5 4. Bb2 c5 5. e3 Nc6 6. cxd5 exd5 7. Bb5 Bd6 8. 0-0 0-0 9. d4 cxd4 10. Nxd4 Bc7 11. Nd2 Qd6 12. g3 a6 13. Be2 Bh3 14. Re1 Rfe8 15. Rc1 Ba5 16. Nxc6 bxc6 17. Bc3 Bxc3 18. Rxc3 c5 19. Rc1 Rac8 20. Bf3 a5 21. Qc2 Red8 22. Red1 Qe5 23. Qd3 g6 24. Qb5 d4 25. exd4 Rxd4 26. Nc4 Qf5 27. Qb7 Rcd8 28. Rxd4 cxd4 29. Rd1 Nd5 30. Bg2 Bxg2 31. Kxg2 Qe4+ 32. Kg1 Qe2 33. Rxd4 Qf3 34. Ne3 1-0

[Event "Titled Tuesday intern op 11th Feb Early"]
[Site "Chess.com INT"]
[Date "2025.02.11"]
[Round "4"]
[White "Zhu, Jiner"]
[Black "Maksimovic, Bojan"]
[Result "0-1"]
[WhiteElo "2514"]
[BlackElo "2505"]
[PlyCount "146"]
[EventDate "2025.02.11"]
[EventType "swiss (blitz)"]
[EventRounds "11"]
[EventCountry "USA"]
[SourceTitle "CB09_2025"]
[SourceDate "2025.02.27"]
[SourceVersion "1"]
[SourceVersionDate "2025.02.27"]
[SourceQuality "1"]

1. Nf3 a6 2. d4 e6 3. e4 d5 4. e5 c5 5. c3 Bd7 6. Bd3 cxd4 7. cxd4 Bb5 8. Bc2 a5 9. Nc3 Bb4 10. Bd2 Bxc3 11. Bxc3 Nc6 12. Qd2 Nge7 13. h4 h6 14. h5 Nf5 15. g4 Nfe7 16. Nh4 Qb6 17. a3 0-0-0 18. f4 Kb8 19. 0-0-0 Rc8 20. Kb1 Bc4 21. Rc1 Bb3 22. Bd3 Bc4 23. Bc2 Bb3 24. Bd3 Bc4 25. Ka1 Bxd3 26. Qxd3 Rc7 27. f5 Rhc8 28. Qd2 Qb3 29. Rhg1 Nb4 30. Bxb4 Rxc1+ 31. Rxc1 Rxc1+ 32. Qxc1 axb4 33. f6 gxf6 34. exf6 Nc6 35. g5 bxa3 36. bxa3 hxg5 37. h6 Nxd4 38. h7 Nc2+ 39. Qxc2 Qxc2 40. h8Q+ Ka7 41. Nf3 Qc3+ 42. Ka2 Qxf3 43. Qf8 Qe2+ 44. Kb1 Qd3+ 45. Ka2 Qc2+ 46. Ka1 Qc3+ 47. Ka2 Qc7 48. Qe7 Kb6 49. Qb4+ Kc6 50. Qa4+ Kd6 51. Qb4+ Ke5 52. Qe7 Qc2+ 53. Ka1 Qd1+ 54. Ka2 Qe2+ 55. Kb3 Qf3+ 56. Kb4 Qxf6 57. Qxb7 Qf4+ 58. Kb3 Qc4+ 59. Kb2 f5 60. Qb8+ Ke4 61. Qg8 e5 62. Qxg5 Qd4+ 63. Kc2 Qd3+ 64. Kb2 Qe2+ 65. Kb1 Qe1+ 66. Kb2 Qe2+ 67. Kb1 f4 68. Qg6+ Ke3 69. Qe6 Qd3+ 70. Kb2 e4 71. a4 f3 72. a5 f2 73. Qf5 f1Q 0-1